Chương trình giáo dục đại học đào tạo giáo viên trung học phổ thông theo hệ thống tín chỉ ngành giáo dục chính trị
Chương trình đào tạo giáo viên THPT theo hệ thống tín chỉ ngành giáo dục chính trị; Đề cương chi tiết các học phần
Bewaard in:
| Coauteurs: | , |
|---|---|
| Formaat: | Boek |
| Taal: | Vietnamese |
| Gepubliceerd in: |
Hà Nội
Văn hóa thông tin
2013
|
| Reeks: | Sách Dự án phát triển giáo viên THPT & TCCN
|
| Onderwerpen: | |
| Tags: |
Voeg label toe
Geen labels, Wees de eerste die dit record labelt!
|
| Thư viện lưu trữ: | Mạng thư viện Đại học Đà Nẵng |
|---|
| LEADER | 01683nam a2200373 4500 | ||
|---|---|---|---|
| 001 | 000018304 | ||
| 003 | 14733 | ||
| 005 | 20131008101055.0 | ||
| 008 | 131008s2013 viesd | ||
| 041 | 0 | |a vie | |
| 082 | 1 | 4 | |a 300.712 |b BÔG |
| 110 | 1 | |a Bộ Giáo dục và đào tạo | |
| 245 | 1 | 0 | |a Chương trình giáo dục đại học đào tạo giáo viên trung học phổ thông theo hệ thống tín chỉ ngành giáo dục chính trị |c Bộ Giáo dục và Đào tạo, Ngân hàng phát triển Châu Á |
| 260 | |a Hà Nội |b Văn hóa thông tin |c 2013 | ||
| 300 | |a 372 tr. |c 27 cm. | ||
| 490 | |a Sách Dự án phát triển giáo viên THPT & TCCN | ||
| 500 | |a Sách Dự án phát triển giáo viên THPT & TCCN - Trường Đại học Sư phạm, Đại học Huế | ||
| 520 | 3 | |a Chương trình đào tạo giáo viên THPT theo hệ thống tín chỉ ngành giáo dục chính trị; Đề cương chi tiết các học phần | |
| 650 | 0 | 4 | |a Chính trị |x Dạy và học |
| 650 | 0 | 4 | |a Chính trị |x Giáo dục trung học |
| 653 | |a Chính trị | ||
| 653 | |a Giáo viên trung học phổ thông | ||
| 653 | |a Hệ thống tín chỉ | ||
| 710 | 1 | |a Ngân hàng phát triển Châu Á | |
| OWN | |a LSP | ||
| AVA | |a UDN50 |b LSP |d 300.712 BÔG |e check_holdings |t Error 5003 Not defined in file expand_doc_bib_avail. |h N |k 1 | ||
| 999 | |a From the UDN01 | ||
| AVA | |a UDN50 |b LSP |d 300.712 BÔG |e available |t Error 5001 Not defined in file expand_doc_bib_avail. |f 75 |g 69 |h N |i 1 |k 1 | ||
| TYP | |a Monograph | ||
| TYP | |a Printed language | ||
| 980 | |a Mạng thư viện Đại học Đà Nẵng | ||